Alle Teams der IIHF-Weltmeisterschaften - Statistiken

Allgemein
  • Dieses Quiz wurde 105 mal gespielt
  • Das Durchschnittsergebnis liegt bei 26 aus 31
Antwortstatistiken
# Bestes Resultat Land % Korrekt
69 Finalist Deutschland/BRD
99%
78 Sieger Kanada
99%
83 Sieger Schweden
99%
76 Sieger Vereinigte Staaten
99%
71 Sieger Finnland
98%
63 Sieger Russland/Sowjetunion
98%
43 4. Platz Norwegen
96%
57 Finalist Schweiz
96%
36 3. Platz Österreich
95%
84 Sieger Tschechien/Tschechoslowakei
95%
29 Viertelfinale Italien
94%
19 Sieger Vereinigtes Königreich
94%
36 6. Platz Frankreich
93%
33 3. Platz Lettland
93%
29 Sieger Slowakei
91%
23 4. Platz Dänemark
90%
11 13. Platz Slowenien
89%
15 4. Platz Ungarn
89%
30 4. Platz Polen
88%
13 10. Platz Kasachstan
81%
13 6. Platz Japan
80%
19 Viertelfinale Belarus
75%
1 11. Platz Litauen
74%
4 8. Platz Niederlande
71%
12 7. Platz Belgien
70%
9 9. Platz Ukraine
69%
10 7. Platz Rumänien
66%
1 16. Platz Südkorea
63%
13 5. Platz DDR
55%
1 9. Platz Jugoslawien
55%
1 9. Platz Australien
45%
Keine übereinstimmenden Quizze gefunden
Verteilung der Resultate
Anzahl Personen mit jedem Resultat
Perzentil nach korrekt beantworteten Fragen
Ihre Resultats-Entwicklung
Sie haben dieses Quiz noch nicht gespielt